Dessin animé A-Z par image #2 - Statistiques

Statistiques générales
  • Ce quiz a été pris 866 fois
  • Le résultat moyen est 14 sur 25
Statistiques - réponses
Par images Hint Réponse % Correct
B- Bob l'Éponge
100%
D- Dora l'Exploratrice
99%
I- Inspecteur Gadget
94%
N- Naruto
94%
S- Les {Simpson}
88%
R- Ratz
85%
M- Mr Bean
80%
O- Olive et Tom
79%
C- Code Lyoko
75%
A- Les {As de la Jungle}
72%
F- La {Ferme en Folie}
69%
G- Galactik Football
60%
W- Wakfu
60%
T- Tic et Tac, les rangers du risque
57%
H- Hamtaro
56%
K- Kid Paddle
56%
Q- Les {Quatre Fantastiques}
47%
Y- Yo-Kai Watch
38%
E- Elena d'Avalor
30%
Z- Zou
29%
V- Vampirina
22%
P- Les {Petits Einstein}
13%
L- Les {Lapins Crétins : Invasion}
12%
J- Jake et les Pirates du Pays imaginaire
8%
U- Umizoomi
8%
Aucun quiz correspondant
Distribution des résultats
% des personnes avec chaque résultat
Percentile par nombre de réponses
Votre historique - résultats
Vous n’avez pas pris ce quiz